00567nam a22001937a 450000500170000000800410001702000180005804000210007604100080009708200180010510000320012324500840015525000120023926000330025130000100028465000210029470000310031570000270034620260515115012.0240222b ||||| |||| 00| 0 eng d a9789358494242 aIN-DiNCcIN-DiNC deng a301.0954bBHU aBhuyan, Dilip Kumareauthor aSociology of India/cby Dilip Kumar Bhuyan, Moushumi Bordoloi and Panchi Pathak a1st ed. aDibrugarh:bBanalata,c2024. a296p. aIndian sociology aBordoloi, Moushumieauthor aPathak, Panchieauthor